000 00617nam a2200241 a 4500
999 _c7337
_d7337
001 7337
003 BD - JhCC
005 20180519103221.0
008 950418s1994 enk j 000 1 eng d
020 _a1854712489
035 _a(BD-JhCC)7337
040 _aOX/U-1
_dBD-JhCC
041 _aeng
082 _bMAR 1994
_223
_a823.8
100 1 _aMarryat, Frederick,
_d1792-1848.
245 1 0 _aMasterman Ready /
_cFrederick Marryat,
260 _aLondon :
_bBloomsbury,
_c1994
300 _a256 p
650 _aAdventure stories
830 0 _aChildren's classics (Bloomsbury)
942 _2ddc
_cBK